00230nam a2200097Ia 4500008004100000100002000041245003800061260000900099942000700108999001700115190216s9999||||xx |||||||||||||| ||und|| aRadhakrishnan C 0aValiyalokangal Cheriya Mathilukal bNull cBK c24399d24399